| 000 | 01253nam2a22002411 4500 | ||
|---|---|---|---|
| 001 | v19\rc\1527024 | ||
| 005 | 20250618173627.0 | ||
| 035 | _a(NLR Aleph) 004648063 | ||
| 090 |
_a3384296 _c3384296 |
||
| 100 | _a20060620d1886 |||y0rusy50 ca | ||
| 101 | 0 | _arus | |
| 102 | _aRU | ||
| 105 | _ay z ||||| | ||
| 200 | 1 | _aМеханизм центрального счетоводства | |
| 215 | _a54 с. | ||
| 461 | 0 |
_1001v19\rc\1527022 _12001#$aЗаписка о целесообразном устройстве счетной части на железных дорогах$e(Централизация счетоводства)$fСост. А. Фейн. Ч. [1]-2$vЧ. 2 _1700#1$aФейн$bА.Л.$gАлександр Львович$4220 _93384276 _aФейн, А.Л. _cВильна _d1886 _fСост. А. Фейн. Ч. [1]-2 _nтип. М.Б. Жирмундский _o(Централизация счетоводства) _p2 т. _tЗаписка о целесообразном устройстве счетной части на железных дорогах _vЧ. 2 |
|
| 801 | 0 |
_aRU _bNLR _gpsbo |
|
| 801 | 0 |
_aRU _bRuMoRGB _2psbo |
|
| 801 | 1 |
_aRU _bProSoft-M _2rusmarc |
|
| 852 |
_aNLR _j18.216.3.428 |
||
| 899 |
_aRuMoRGB _jA 146/203 |
||
| 942 | _cBOOK | ||
| 980 | _aNB | ||